00585 a2200193 4500003000500000005001700005040000900022082001000031100002900041245009700070260001900167300001300186538002900199650001600228651001600244942000800260999001900268952010400287Nust20170207153550.0 cNust a005.1 aMehmood, Yasar MSCS-14 aIncorporating business process change in information system designcYasar Mehmood, MSCS-14 bMCScJune 2010 ax, 114 p aAlmirah No 69 Shelf No 6 aMSCS Thesis aMSCS Thesis cTHS c188812d188812 00102ddc40708NFICaMCSbMCSd2016-12-12l0o005.1 MEHpMCSTCS-287r2016-12-08w2016-12-12yBK